Pays ayant terminé dans les 4 premières places des Coupes du Monde de Football non qualifiés pour la Coupe du Monde 2018 - Statistiques

Statistiques générales
  • Ce quiz a été pris 576 fois
  • Le résultat moyen est 7 sur 10
Statistiques - réponses
Réponse % Correct
Italie
97%
Pays-Bas
88%
Turquie
70%
Hongrie
65%
Yougoslavie
65%
Chili
64%
Etats-Unis
61%
Tchécoslovaquie
59%
Bulgarie
51%
Autriche
45%
Aucun quiz correspondant
Distribution des résultats
% des personnes avec chaque résultat
Percentile par nombre de réponses
Votre historique - résultats
Vous n’avez pas pris ce quiz